| 000 | 00948cam a22002531i 4500 | ||
|---|---|---|---|
| 003 | OSt | ||
| 005 | 20250112100643.0 | ||
| 008 | 250104s2005 su g 000 0 ara c | ||
| 020 | _a9960478084 | ||
| 040 |
_aSA-MaUQU _bara _cSA-RiAUC _erda |
||
| 082 | 0 | 4 |
_a214.323 _qSA-RiAUC |
| 090 |
_a214.323 _b س ن د |
||
| 100 | 1 |
_aسندي، عبد العزيز محمد _eمؤلف. |
|
| 245 | 1 | 2 |
_aالإحكام في حقوق الإنسان في الإسلام / _cتأليف عبد العزيز محمد سندي. |
| 250 | _aالطبعة الأولى. | ||
| 264 | 1 |
_aمكة المكرمة : _bعبد العزيز محمد سندي، _c[2005] |
|
| 300 |
_a741 صفحة ؛ _c24 سم |
||
| 336 |
_aنص _btxt _2rdacontent _3كتاب |
||
| 337 |
_aبدون وسيط _bn _2rdamedia |
||
| 338 |
_aمجلد _bnc _2rdacarrier |
||
| 650 | 7 |
_aالإسلام وحقوق الإنسان _2aucsh |
|
| 942 |
_2ddc _cBOOK _n0 |
||
| 949 |
_aSA-JeALM _d250104 _uosman123 _n1 |
||
| 999 |
_c4639 _d4639 |
||